Stories of messengers / (Record no. 41033)

MARC details
000 -LEADER
fixed length control field 00735nam a22002177a 4500
005 - DATE AND TIME OF LATEST TRANSACTION
control field 20100811143612.0
010 ## - LCCN (DPL NO)
LC control number ENG-99790
020 ## - INTERNATIONAL STANDARD BOOK NUMBER
International Standard Book Number 8185729913
Terms of availability 50.00
035 ## - SYSTEM CONTROL NUMBER
System control number EN-83322
037 ## - SOURCE OF ACQUISITION
Source of stock number/acquisition DBAD/PUB
082 ## - DEWEY DECIMAL CLASSIFICATION NUMBER
Classification number S
100 ## - MAIN ENTRY--PERSONAL NAME
Personal name Abdul Hai
245 ## - TITLE STATEMENT
Title Stories of messengers /
Statement of responsibility, etc by Muhammad Abdul Hai
260 ## - PUBLICATION, DISTRIBUTION, ETC. (IMPRINT)
Place of publication, distribution, etc New Delhi
Name of publisher, distributor, etc Maktaba Al Hasanat
Date of publication, distribution, etc 2008
270 ## - ADDRESS
Address 3004/2, Sir Syed Ahmad Road, Darya Ganj
City New Delhi
Postal code 11000
300 ## - PHYSICAL DESCRIPTION
Extent 88p.
Dimensions 21cm (pbk)
490 ## - SERIES STATEMENT
Series statement Maktaba Al Hasanat Publication Series No.:122
-- 15828
650 ## - SUBJECT ADDED ENTRY--TOPICAL TERM
Topical term or geographic name as entry element Stories
942 ## - ADDED ENTRY ELEMENTS (KOHA)
Source of classification or shelving scheme Dewey Decimal Classification
Item type English Books
Classification part S
Call number suffix ABD
Holdings
Withdrawn status Lost status Not for loan Collection code Home library Current library Date acquired Source of acquisition Cost, normal purchase price Full call number Barcode Copy number Cost, replacement price Koha item type
    Not For Loan Fiction D.B.Act.Division D.B.Act.Division 11/08/2010 DBAD/PUB 50.00 S ABD EN-83322 50.00 50.00 English Books

© Delhi Public Library
Hit Counter
free hit counter